Cities by Parks - Statistics

General Stats
  • This quiz has been taken 19 times
  • The average score is 7 of 20
Answer Stats
Park City % Correct
Central Park New York City
100%
Jardin des Tuileries Paris
81%
Fælledparken Copenhagen
75%
Kowloon Park Hong Kong
75%
Yoyogi Park Tokyo
50%
Park Güell Barcelona
44%
Boscoincittà Milan
31%
Vigelandsparken Oslo
31%
St Stephen's Green Dublin
25%
English Garden Munich
25%
Ormeau Park Belfast
19%
Emirgan Park Istanbul
19%
James & Ethel Gray Park Johannesburg
19%
Field of Mars St Petersburg
19%
Tumbalong Park Sydney
19%
Shakar Parian National Park Islamabad
13%
Jeevanjee Gardens Nairobi
13%
Edwards Gardens Toronto
13%
El Rosedal Montevideo
6%
Parque Ibirapuera Sao Paolo
6%
No matching quizzes found
Score Distribution
Percent of People with Each Score
Percentile by Number Answered
Your Score History
You have not taken this quiz